Science Quiz

Random Science or Animal Quiz

Shark Week Quiz Stats

Quiz Updated Jul 20, 2015

Also try: Baby Beasts
Challenge
Share
Tweet
Score 0/12 Timer 05:00
17 Plays Today
Letter Shark % Correct
EGreat White Shark
98.3%
BHammerhead Shark
96.3%
AWhale Shark
82.1%
JTiger Shark
81.9%
CBlue Shark
57.8%
FShort Fin Mako Shark
53.2%
LWhite-Tip Reef Shark
44.6%
HGoblin Shark
41.2%
KBasking Shark
37.2%
GLemon Shark
36.3%
DThresher Shark
30.4%
IDusky Shark
9.6%

You're not logged in!

Compare scores with friends on all Sporcle quizzes.
Join for Free
OR
Log In

You Might Also Like...

Show Comments

Extras

Top Quizzes Today


Score Distribution

Your Account Isn't Verified!

In order to create a playlist on Sporcle, you need to verify the email address you used during registration. Go to your Sporcle Settings to finish the process.

Report this User

Report this user for behavior that violates our Community Guidelines.

Details: